| 000 | 00385nam a2200145Ia 4500 | ||
|---|---|---|---|
| 008 | 150201s2005 xx 000 0 und d | ||
| 082 |
_a617.6 _bB2005K |
||
| 100 | _aKAHNBERG,KARL BRIK | ||
| 245 | _aBONE CRAFTING TECHNIQUES FOR MAXILLARY IMPLANT | ||
| 250 | _a1ST | ||
| 260 |
_bBLACKWELL SCIENCE PUB. _aEDINBURGH _c2005 |
||
| 300 | _a1-192 | ||
| 650 | _aIMPLANTOLOGY | ||
| 942 |
_2ddc _cBK |
||
| 999 |
_c3790 _d3790 |
||